000 00297cam a2200097u 4500
008 820607s1934 ksua 000 0 eng
100 1 _aBurns, Al. [from old catalog]
245 1 4 _aThe essentials of stamp collecting,
260 _aHolton, Kan.,
_bThe Gossip printery,
_c1934.
650 0 _aStamp collecting.
999 _c3536
_d3536